| 000 | 00000nam##2200000za#4500 |
| 001 | 9.600242 |
| 003 | CaOODSP |
| 005 | 20210624205459 |
| 007 | cr ||||||||||| |
| 008 | 150406|1999||||xxc|||||o f|0| 0 fre|d |
| 040 | |aCaOODSP|bfre |
| 043 | |an-cn--- |
| 086 | 1 |aBT31-4/21-1999F-PDF |
| 110 | 1 |aCanada. |bConseil du trésor. |
| 245 | 10|aCentre canadien de gestion, rapport sur le rendement pour la période se terminant le 31 mars 1999 |h[ressource électronique] |
| 246 | 3 |aCentre canadien de gestion, rapport sur le rendement pour la période prenant fin le 31 mars 1999 |
| 260 | |aOttawa - Ontario : |bSecrétariat du Conseil du Trésor du Canada |cc1999. |
| 300 | |a42p.|borganigramme, tableaux |
| 490 | 1 |aRapport sur le rendement pour la période se terminant le 31 mars 1999 |vPour la période se terminant le 31 mars 1999 |
| 590 | |a11-02-Supp|b2011-01-27 |
| 775 | 08|tCanadian Centre for Management Development, performance report for the period ending March 31, 1999 |w(CaOODSP)9.569000 |
| 776 | 0#|tCanadian Centre for Management Development |w(CaOODSP)9.532442 |
| 776 | 0#|tCentre canadien de gestion |w(CaOODSP)9.532443 |
| 830 | #0|aRapport sur le rendement pour la période se terminant le 31 mars 1999 ;|vPour la période se terminant le 31 mars 1999|w(CaOODSP)9.502657 |
| 856 | 40|ahttp://publications.gc.ca|qPDF|s246 Ko|uhttps://publications.gc.ca/collections/Collection/BT31-4-21-1999F.pdf|yPour la période se terminant le 31 mars 1999 |